Táto kniha je lacnejšia ako terapia /
Nájsť dobrého terapeuta je ťažké. A nájsť takého, s ktorým si ešte aj porozumiete a ktorý nezruinuje vašu peňaženku, je ešte zložitejšie. Príručka Táto kniha je lacnejšia ako terapia prináša terapiu priamo k vám. Hoci teda nemáte peňazí nazvyš, poisťovňa vám neprepláca sedenia či sa vám nedarí nájsť...
Uloženo v:
| Hlavní autor: | |
|---|---|
| Médium: | E-kniha |
| Jazyk: | Czech |
| Vydáno: |
Praha :
Albatros Media Slovakia s.r.o.,
2025
|
| Tagy: |
Žádné tagy |
| LEADER | 01427nam a22002297i 4500 | ||
|---|---|---|---|
| 001 | 303224 | ||
| 007 | ta | ||
| 008 | 260518s2025 xr ||||| |||| 00| 0 cze d | ||
| 020 | |a 9788056644157 | ||
| 044 | |a xr | ||
| 100 | 1 | |a Kelly, Liz |4 aut | |
| 245 | 1 | 0 | |a Táto kniha je lacnejšia ako terapia / |c Kelly, Liz |
| 240 | 1 | 0 | |a This Book Is Cheaper Than Therapy |
| 264 | 1 | |a Praha : |b Albatros Media Slovakia s.r.o., |c 2025 | |
| 300 | |a 1 online zdroj (240 stran) | ||
| 336 | |a text |b txt |2 rdacontent | ||
| 337 | |a bez média |b n |2 rdamedia | ||
| 338 | |a online zdroj |b cr |2 rdacarrier | ||
| 520 | 2 | |a Nájsť dobrého terapeuta je ťažké. A nájsť takého, s ktorým si ešte aj porozumiete a ktorý nezruinuje vašu peňaženku, je ešte zložitejšie. Príručka Táto kniha je lacnejšia ako terapia prináša terapiu priamo k vám. Hoci teda nemáte peňazí nazvyš, poisťovňa vám neprepláca sedenia či sa vám nedarí nájsť kvalitných lekárov, už teraz sa vďaka nej môžete cítiť lepšie. | |
| 910 | |a RBIT002 | ||
| 998 | |d 426899 |a https://core.palmknihy.cz/api/books/426899/cover?tesghf |b https://core.palmknihy.cz/api/books/426899/cover/400?tesghf |c https://core.palmknihy.cz/api/books/426899/cover/50?tesghf |e 2029-05-21 |g 240 |i 9788056644157 |j https://core.palmknihy.cz/api/books/426899/preview.epub |k https://core.palmknihy.cz/api/books/426899/preview.pdf |l |q 49 |r 1 |s https://www.palmknihy.cz/kniha/426899 |t ebook |y 2025 |z 1 | ||
| 999 | |d 303222 | ||